| 000 | 00451nam a2200169Ia 4500 | ||
|---|---|---|---|
| 003 | GCL | ||
| 008 | 140319s9999 xx 000 0 ara d | ||
| 040 |
_aGCL / _cGCL |
||
| 082 | 0 | 4 |
_a947.084 _bف س |
| 100 | 1 | _aفولكوغونوف، ديمترى | |
| 245 | 1 | 0 |
_aستالين / _cفولكوغونوف، ديمترى |
| 700 | 1 | _aحازم حجازى | |
| 300 | _aمتعدد | ||
| 490 | _a | ||
| 650 | 0 | 4 | _aستالين - تراجم |
| 942 |
_2ddc _cBK |
||
| 999 |
_c48246 _d48246 |
||